000 01209nam a2200313Ia 4500
001 ebr10146927
003 CaPaEBR
006 m u
007 cr cn|||||||||
008 020709s2003 enka s 001 0 eng d
010 _z 2002109625
020 _z0782140920 (pbk.) :
020 _z0470113782
040 _aCaPaEBR
_cCaPaEBR
035 _a(OCoLC)228145029
050 1 4 _aT385
_b.T44 2003eb
082 0 4 _a006.6/869
_221
100 1 _aTeague, Jason Cranford.
245 1 0 _aPhotoshop 7 at your fingertips
_h[electronic resource] :
_bget in, get out, get exactly what you need /
_cJason Cranford Teague.
260 _aSan Francisco, Calif. :
_bSYBEX,
_cc2003.
300 _axvi, 541 p., [32] p. of plates :
_bill. (some col.)
500 _aIncludes index.
533 _aElectronic reproduction.
_bPalo Alto, Calif. :
_cebrary,
_d2009.
_nAvailable via World Wide Web.
_nAccess may be limited to ebrary affiliated libraries.
630 0 0 _aAdobe Photoshop.
650 0 _aComputer graphics.
655 7 _aElectronic books.
_2local
710 2 _aebrary, Inc.
856 4 0 _uhttp://site.ebrary.com/lib/rucke/Doc?id=10146927
_zAn electronic book accessible through the World Wide Web; click to view
999 _c88575
_d88575